Fundamentals of public economics
Αποθηκεύτηκε σε:
| Κύριος συγγραφέας: | |
|---|---|
| Άλλοι συγγραφείς: | , |
| Μορφή: | Βιβλίο |
| Γλώσσα: | English |
| Δημοσίευση: |
Cambridge, Massachusetts :
MIT press,
1988
|
| Έκδοση: | Revised English - language edition |
| Θέματα: | |
| Ετικέτες: |
Προσθήκη ετικέτας
Δεν υπάρχουν, Καταχωρήστε ετικέτα πρώτοι!
|
MARC
| LEADER | 00000nam a2200000 i 4500 | ||
|---|---|---|---|
| 001 | 1/51809 | ||
| 008 | 960502s1988 eng d | ||
| 020 | |a 0-262-12127-1 | ||
| 035 | |l 10027236 | ||
| 040 | |a GR-MY-UA |b gre |e aacr | ||
| 041 | 0 | |a eng | |
| 082 | 0 | |a 338.5 | |
| 100 | 1 | |a Laffont, Jean-Jacques |d 1947- | |
| 245 | 1 | 0 | |a Fundamentals of public economics / |c Jean - Jacques Laffont ; Translated by:John P.Bonin, Helene Bonin |
| 250 | |a Revised English - language edition | ||
| 260 | |a Cambridge, Massachusetts : |b MIT press, |c 1988 | ||
| 300 | |a 276 σ. | ||
| 504 | |a Περιλαμβάνει ευρετήριο | ||
| 650 | 0 | 0 | |a Microeconomics. |
| 700 | 1 | |a Bonin, John. |4 trl | |
| 700 | 1 | |a Bonin, Helene. |4 trl | |
| 852 | |a INST |b CHIOS |e 19960502 |h 338.5 LAF |p 005200001514 |q 005200001514 |t BK |y 0 | ||
| 909 | |a Χ |b 040747 | ||